1755 1730 1354 1476 1534 1123 1354 1351 1307 1146 1133 1444 1690 1258 1920 1204 1514 1236 1096 1652 1164 1223 1763 1345 1413 1219 1591 1256 1111 1340 1041 1705 1478 1423 1653 1205 1851 1334 1003 1684 1171 1963 1566 1042 1733 1708 1928 1330 1354 1981 1829 1823 1616 1292 1838 1034 1879 1771 1216 1122 1196 1724 1243 1530 1808 1603 1698 1315 1584 1932 1584 1430 1964 1908 1014 1128 1861 1335 1906 1701 1376 1349 1730 1386 1272 1735 1284 1318 1365 1427 1255 1591 1408 1219 1791 1026 1224 1240 1039 BCNSPRNW ULIB Ver.6.0+V

เปลี่ยนเป็นภาษาไทย

Change to English
 แสดงรายละเอียดบรรณานุกรม
  กลับหน้าหลัก

Brief Record : Get Marc (ISO 2709) : E-mail record : QR code < ปิดหน้าต่าง
LEADER : 00000nam 2200000uu 4500
001    13399109112
003     ULIB
008    110322s2553||||th 000 0 tha d
020    9789744141620
050  4 PE1130^bส867พ 2553
100 0  สุรีรัตน์ ทองอินทร์
245 00 พูดภาษาอังกฤษขั้นเทพ^xSpeak English^cสุรีรัตน์ ทองอินทร์
246 0  Speak English
260    กรุงเทพฯ:^bบิสคิต,^c2553
300    147 หน้า :^bภาพประกอบ,^c21 ซม.
650  7 ภาษาอังกฤษ^xการพูด
945    ^p175^l0^i029904
945    ^p175^l0^i029903
995    เกษร
999 ^a ใช้งานได้ทุกระบบ
รายการนี้ยังไม่มีแท็ก
คุณยังไม่ได้ล็อกอิน คุณสามารถมีกิจกรรมร่วมกับเว็บไซต์ได้ แต่ต้องล็อกอินก่อน ::
  ล็อกอิน

รายการสื่อสารสนเทศ

ลำดับที่ ประเภท เลขเรียก/บาร์โค้ด สถานที่ สถานะ
- ไม่พบข้อมูล -

BibComment


ยังไม่เคยถูกคอมเมนท์

คอมเมนท์ทรัพยากรรายการนี้
  คอมเมนท์: พูดภาษาอังกฤษขั้น..


 Copyright 2026. Bcnsprnw @Library